000 00729nam a2200181 i 4500
001 83501
003 ES-MaACL
005 20250828095218.0
007 t|
008 041117s1973 sp ||||1| spa d
245 0 0 _aIntroducción al estudio de las Ciencias Económicas y Empresariales.
260 _aMadrid :
_bConfederación Española de Cajas de Ahorros,
_c[1973]
300 _a80 p. ;
_c18 cm.
500 _aPrecede al tit.: Universidad Nacional de Educación a Distancia. Facultad de Ciencias Económicas y Empresariales.
710 2 _aUniversidad Nacional de Educación a Distancia (España).
_bFacultad de Ciencias Económicas y Empresariales
_97415
852 _aES-MaACL
_jC-55821
_bR.88439
999 _c83501
_d83501